000 00653nam a2200217Ii 4500
003 JO-AjNU
008 230605s9999||||xx |||||||||||||| ||und||
020 _a978-9933-628-93-2
040 _aJO-AjNU
_bara
_erda
_cJO-AjNU
041 _aara
050 1 4 _aPJ7750.2019
100 3 _aعسكر، قصي الشيخ,
_eauthor
_963492
245 0 0 _aالديوان الرشيق: شعر
250 _aط1
264 3 1 _aسورية/دمشق: دار امل الجديدة، 2019
300 _a312ص
336 _atext
_btxt
_2rdacontent
337 _aunmediated
_bn
_2rdamedia
338 _avolume
_bnc
_2rdacarrier
650 4 _aالشعر العربي
_963493
999 _aA28804
_c32372
_d32372